000 00383nam a2200133Ia 4500
008 220217s9999||||xx |||||||||||||| ||und||
020 _a978-81-317-1540-6
082 _a621.381 3 RIZ
100 _aRizzi, Peter, A
245 0 _aMicrowave engineering: passive circuits
260 _aPearson education asia
_bNew Delhi
_c2008
300 _b265
650 _aMICROWAVE ENGINEERING
999 _c176507
_d176507